Capitales europeas más frías - Estadísticas

Estadísticas generales
  • Esta prueba ha sido intentada 61 veces
  • La puntuación promedio es 12 de 15
Estadísticas de respuestas
Temperatura media invernal (ºC) Ciudad % Correcto
-4,3 Moscú
100%
-2.9 Helsinki
98%
-3,3 Oslo
98%
-1,6 Estocolmo
96%
0,1 Reikiavik
96%
-2 Tallin
90%
-1,2 Kiev
88%
1,3 Varsovia
88%
0,7 Riga
86%
-2,6 Vilna
86%
1,4 Copenhague
78%
1,1 Bucarest
74%
0 Praga
70%
1,3 Amsterdam
56%
0,6 Ereván
24%
No se encontraron pruebas coincidentes
Distribución de puntuación
Porcentaje de gente con cada puntuación
Porcentaje por número respondido
Historial de tus puntuaciones
No has intentado esta prueba.